000
00255nam a2200109Ia 4500
008
231212s1967 xx 000 0 und d
041
_a
eng
082
_a
1.64
100
_a
Rammo Murthy
245
_a
Thyristers And Their
260
_a
London
_b
Tata Mc
_c
1967
999
_c
958681
_d
958681